000 00634nam a2200181Ia 4500
008 100920s9999 xx 000 0 und d
082 _b67854
_a--- थ 93
100 _aभट रविंद्र.
245 _aसागरा प्राण तळमळला.
260 _bइंद्रायणी साहित्य, पुणे.
_c1993
300 _a364
_bसाधी
365 _b110
520 _aकादंबरी.
630 _aसागरा प्राण तळमळला.
650 _aकादंबरी.
730 _aसागरा प्राण तळमळला.
942 _cBOOK
999 _c710269
_d710266